[Event "European Youth Chess Championship G12"]
[Site "Prague, Top Hotel Prague"]
[Date "2016.08.20"]
[Round "3.2"]
[White "Allahverdiyeva, Ayan"]
[Black "Donghvani, Nia"]
[Result "0-1"]
[WhiteElo "1886"]
[BlackElo "1686"]
[PlyCount "156"]
[EventDate "2016.08.18"]

1. e4 c5 2. Nf3 d6 3. d4 cxd4 4. Nxd4 Nf6 5. Nc3 g6 6. Be2 Bg7 7. O-O O-O 8.
Nb3 Nc6 9. Re1 Be6 10. Bg5 Rc8 11. Bf1 Nd7 12. Rb1 Nb6 13. Nd5 h6 14. Bh4 g5
15. Bg3 f5 16. f3 fxe4 17. fxe4 Bf7 18. c3 Nxd5 19. exd5 Ne5 20. Be2 Bg6 21.
Ra1 Nc4 22. Bxc4 Rxc4 23. Qe2 Re4 24. Qd2 Qd7 25. Re3 Qa4 26. Rf3 Bf7 27. Qd3
g4 28. Rf2 Rc4 29. Bh4 Rc7 30. Re2 Re8 31. Re4 Qd7 32. Re3 e5 33. dxe6 Rxe6 34.
Rxe6 Qxe6 35. Re1 Qd5 36. Qe3 Qb5 37. Qxa7 Rc8 38. Qf2 Bxb3 39. axb3 Qxb3 40.
Bg3 Rf8 41. Qe2 d5 42. Bd6 Qb6+ 43. Kh1 Qxd6 44. Qxg4 Qf6 45. h3 Kh8 46. Rd1
Rd8 47. Qb4 b6 48. Qb5 Qe6 49. Qd3 Qc6 50. Qg3 Qc4 51. Re1 d4 52. Qh4 Rg8 53.
cxd4 Qxd4 54. Qxd4 Bxd4 55. Re4 Rd8 56. b4 Kg7 57. Re7+ Kf6 58. Rh7 Kg6 59. Re7
Rd6 60. g4 b5 61. h4 Rc6 62. Kg2 Rc4 63. Kg3 Rxb4 64. h5+ Kg5 65. Re6 Bf6 66.
Re3 Rxg4+ 67. Kh3 Kxh5 68. Re5+ Rg5 69. Re4 Re5 70. Rb4 Be7 71. Rb1 b4 72. Kh2
Re3 73. Kh1 b3 74. Rb2 Bf6 75. Rh2+ Kg6 76. Rg2+ Kh7 77. Rg1 b2 78. Rb1 Ra3 0-1

[Event "European Youth Chess Championship G12"]
[Site "Prague, Top Hotel Prague"]
[Date "2016.08.20"]
[Round "3.3"]
[White "Babineca, Darja"]
[Black "Ziegenfuss, Antonia"]
[Result "0-1"]
[WhiteElo "1686"]
[BlackElo "1829"]
[PlyCount "94"]
[EventDate "2016.08.18"]

1. e4 e5 2. Nf3 Nc6 3. d4 exd4 4. Nxd4 Bc5 5. Be3 Qf6 6. c3 Nge7 7. Be2 d5 8.
Bf3 Nxd4 9. cxd4 Bb4+ 10. Nd2 dxe4 11. Bxe4 O-O 12. O-O c6 13. Nc4 Rd8 14. Qc2
Bf5 15. Rad1 Rac8 16. Bf4 b5 17. Ne3 Bxe4 18. Qxe4 Ng6 19. Be5 Qe6 20. Qf5 Qxf5
21. Nxf5 f6 22. Bg3 Rd7 23. a3 Bf8 24. f3 Rcd8 25. Rc1 Rc8 26. Rfe1 Rd5 27. Ne3
Rxd4 28. Rc2 c5 29. Bf2 c4 30. a4 a6 31. axb5 axb5 32. b3 Bb4 33. Rec1 c3 34.
Nd1 Rd7 35. Be1 Ne5 36. Nf2 Ba5 37. Ra1 Bb6 38. Kf1 b4 39. Ra6 Rc6 40. Ne4 f5
41. Ng5 h6 42. Nh3 Rcd6 43. Ke2 Nd3 44. Bg3 Re6+ 45. Kf1 Nc5 46. Ra8+ Kf7 47.
Nf2 Nxb3 0-1

[Event "European Youth Chess Championship G12"]
[Site "Prague, Top Hotel Prague"]
[Date "2016.08.20"]
[Round "3.4"]
[White "Adamczyk, Zuzanna"]
[Black "Levitan, Ronit"]
[Result "0-1"]
[WhiteElo "1672"]
[BlackElo "1793"]
[PlyCount "96"]
[EventDate "2016.08.18"]

1. d4 d5 2. Nf3 Nf6 3. Bf4 e6 4. e3 c5 5. c3 Nc6 6. Nbd2 Bd6 7. Bg3 Bxg3 8.
hxg3 Qd6 9. Bd3 a6 10. a4 e5 11. dxe5 Nxe5 12. Nxe5 Qxe5 13. Nf3 Qe7 14. O-O
Bg4 15. Qc2 O-O 16. Rfe1 Rfe8 17. Nh2 Bd7 18. f3 Qd6 19. Qf2 Bc6 20. Bc2 b5 21.
axb5 axb5 22. g4 h6 23. Nf1 Rxa1 24. Rxa1 Qb8 25. b4 Qe5 26. Ra3 cxb4 27. cxb4
g6 28. Bd3 Rd8 29. Ng3 d4 30. exd4 Rxd4 31. Rb3 Qd6 32. Qb2 Nxg4 33. fxg4 Rxd3
34. Rxd3 Qxd3 35. Nf1 Qe4 36. Qd2 Qxg4 37. Nh2 Qe4 38. Nf1 h5 39. Kh2 Qe5+ 40.
Kg1 Qd5 41. Qf2 Qe4 42. Qd2 h4 43. Kh2 h3 44. Ne3 hxg2 45. Kg1 Qb1+ 46. Nd1 Bf3
47. Qd8+ Kh7 48. Qh4+ Bh5 0-1

[Event "European Youth Chess Championship G12"]
[Site "Prague, Top Hotel Prague"]
[Date "2016.08.20"]
[Round "3.5"]
[White "Dylag, Emilia"]
[Black "Ozbek, Busra"]
[Result "1-0"]
[WhiteElo "1792"]
[BlackElo "1660"]
[PlyCount "113"]
[EventDate "2016.08.18"]

1. d4 g6 2. e4 Bg7 3. Nc3 d6 4. Be3 a6 5. Nf3 b5 6. Bd3 Bb7 7. e5 Nd7 8. e6
fxe6 9. Ng5 Nf8 10. O-O Qd7 11. Re1 Nh6 12. Qd2 O-O-O 13. a4 b4 14. Nce4 e5 15.
dxe5 Bxe5 16. Qxb4 Bg7 17. Ra3 Qc6 18. Rb3 Rg8 19. Nf3 Nf5 20. Nfd2 Nxe3 21.
Rxe3 Nd7 22. Nc4 Nc5 23. Na5 Nxd3 24. Nxc6 Nxb4 25. Nxd8 Rxd8 26. Rxb4 c5 27.
Rxb7 Kxb7 28. Ng5 Rd7 29. Nxh7 Kc6 30. b3 Bd4 31. Re6 Rb7 32. Rxg6 c4 33. Rg3
e5 34. Ng5 d5 35. h4 Rg7 36. bxc4 dxc4 37. c3 Bb6 38. Ne4 Rh7 39. Rg6+ Kc7 40.
Nf6 Rxh4 41. Nd5+ Kd7 42. Nxb6+ Ke8 43. Re6+ Kf7 44. Rxe5 Kf6 45. Rc5 Kg6 46.
Nxc4 Kf6 47. a5 Kg6 48. Ne3 Ra4 49. Rc6+ Kg5 50. Rxa6 Re4 51. Rd6 Re8 52. a6
Re7 53. Rd5+ Kg6 54. Ra5 Re8 55. a7 Ra8 56. Nd5 Rxa7 57. Rxa7 1-0

[Event "European Youth Chess Championship G12"]
[Site "Prague, Top Hotel Prague"]
[Date "2016.08.20"]
[Round "3.6"]
[White "Goraj, Barbara"]
[Black "Stepanyan, Eva"]
[Result "1/2-1/2"]
[WhiteElo "1619"]
[BlackElo "1780"]
[PlyCount "161"]
[EventDate "2016.08.18"]

1. e4 e5 2. Nf3 Nf6 3. Nxe5 d6 4. Nf3 Nxe4 5. d3 Nf6 6. Be2 Be7 7. O-O O-O 8.
Nc3 Re8 9. h3 Nbd7 10. Be3 Nf8 11. Qd2 Ng6 12. Nd4 d5 13. Nf3 c6 14. a3 Bd6 15.
Na4 Nh5 16. Ne5 Bxe5 17. Bxh5 b5 18. d4 bxa4 19. dxe5 Nxe5 20. Bd4 Qh4 21. Be2
Bd7 22. Rfe1 Ng6 23. Bf1 Nf4 24. Be5 Ne6 25. c4 Nc5 26. Bg3 Qf6 27. Qb4 Nb3 28.
Rad1 c5 29. Qb7 Bc6 30. Rxe8+ Rxe8 31. Qxa7 d4 32. Qc7 Qe6 33. Bd3 Qd7 34. Qf4
Qb7 35. Qh4 h6 36. f3 Qe7 37. Re1 Qxh4 38. Rxe8+ Bxe8 39. Bxh4 Nc1 40. Bf1 Bd7
41. Kf2 Kf8 42. Ke1 Bf5 43. g4 Be6 44. Bg3 Ke7 45. Kd1 Nb3 46. Bc7 Kd7 47. Bb6
Kd6 48. Bd3 g5 49. Kc2 Ke7 50. Kd1 Kf6 51. Kc2 Bd7 52. Be4 Ke7 53. Bc7 f6 54.
Kd1 Be6 55. Bd3 Bc8 56. Be4 Ba6 57. Bd5 Kd7 58. Bb6 d3 59. Ke1 d2+ 60. Kd1 Ke7
61. Ke2 Bc8 62. Be4 Be6 63. Bc2 Bxc4+ 64. Kd1 Bd5 65. Bxb3 Bxb3+ 66. Kxd2 Kd6
67. Bd8 Ke5 68. Bb6 Bd5 69. Ke3 Kd6 70. Bd8 Ke6 71. Bb6 c4 72. Bc5 Kf7 73. Kf2
Kg6 74. Bd4 f5 75. Bc3 h5 76. Kg3 h4+ 77. Kf2 fxg4 78. fxg4 Kf7 79. Bd2 Kf6 80.
Bc3+ Kg6 81. Bd4 1/2-1/2

[Event "European Youth Chess Championship G12"]
[Site "Prague, Top Hotel Prague"]
[Date "2016.08.20"]
[Round "3.7"]
[White "Sovina, Maria"]
[Black "Mihailova, Alina"]
[Result "1-0"]
[WhiteElo "1740"]
[BlackElo "1579"]
[PlyCount "83"]
[EventDate "2016.08.18"]

1. d4 d5 2. c4 c6 3. Nc3 e6 4. e3 Nd7 5. Bd2 f5 6. Bd3 Nh6 7. cxd5 cxd5 8. Rc1
Bd6 9. Nge2 O-O 10. Nb5 Bb8 11. Bb4 Re8 12. Nd6 Bxd6 13. Bxd6 Nf7 14. Bc7 Qf6
15. O-O Ng5 16. Nf4 b6 17. Bb5 a6 18. Bc6 Ra7 19. Bxb6 Nxb6 20. Bxe8 Ne4 21.
Rc6 Rb7 22. f3 Ng5 23. Nxd5 Qd8 24. Nxb6 Rxb6 25. Rxb6 Qxb6 26. Qc2 Bb7 27. h4
Nf7 28. Bxf7+ Kxf7 29. Rc1 Kg8 30. Qc7 Qxc7 31. Rxc7 Bd5 32. a3 Kf8 33. Kf2 Bb3
34. Rc6 a5 35. Ra6 a4 36. Ra7 h6 37. Ke2 Bc4+ 38. Kd2 Bb3 39. Kc3 Bd1 40. Kb4
Bb3 41. Rxa4 Bxa4 42. Kxa4 1-0

[Event "European Youth Chess Championship G12"]
[Site "Prague, Top Hotel Prague"]
[Date "2016.08.20"]
[Round "3.8"]
[White "Kostina, Veronika"]
[Black "Mkrtchyan, Mariam"]
[Result "0-1"]
[WhiteElo "1309"]
[BlackElo "1720"]
[PlyCount "80"]
[EventDate "2016.08.18"]

1. e4 c6 2. Nf3 d5 3. Nc3 dxe4 4. Nxe4 Nf6 5. Nxf6+ gxf6 6. g3 Bg4 7. Bg2 Nd7
8. d4 e6 9. O-O Qc7 10. c3 O-O-O 11. Qa4 Kb8 12. Bf4 Bd6 13. Be3 Nb6 14. Qb3
Nd5 15. Bd2 Qc8 16. c4 Ne7 17. a4 h5 18. h4 Nf5 19. Qc3 Rhg8 20. Kh2 Bxf3 21.
Qxf3 Nxh4 22. Qxf6 Nf5 23. Bh3 Rg6 24. Qxf7 Rg7 25. Qxh5 Rh8 26. Qf3 Rgh7 27.
Kg2 Rxh3 28. Bf4 Rh2+ 29. Kg1 Bxf4 30. Qxf4+ Qc7 31. Qg4 Qg7 32. Qf4+ Ka8 33.
Rfd1 Qh6 34. Qxh6 R2xh6 35. Kg2 Rh2+ 36. Kf3 Rf8 37. g4 Nd6+ 38. Kg3 Rhxf2 39.
c5 Ne4+ 40. Kh3 Rh8# 0-1

[Event "European Youth Chess Championship G12"]
[Site "Prague, Top Hotel Prague"]
[Date "2016.08.20"]
[Round "3.9"]
[White "Krasteva, Beloslava"]
[Black "Portnoy, Noam"]
[Result "1-0"]
[WhiteElo "1996"]
[BlackElo "1710"]
[PlyCount "35"]
[EventDate "2016.08.18"]

1. d4 d5 2. Nf3 Nf6 3. c4 dxc4 4. e3 Be6 5. Nc3 c6 6. Ne5 Qc7 7. Nxc4 Bg4 8.
Qc2 e6 9. Bd3 Be7 10. O-O Bh5 11. Ne5 Bd6 12. f4 Nbd7 13. Bd2 Rc8 14. Rac1 Nd5
15. Nxd5 cxd5 16. Qa4 Qd8 17. Nxd7 Rxc1 18. Rxc1 1-0

[Event "European Youth Chess Championship G12"]
[Site "Prague, Top Hotel Prague"]
[Date "2016.08.20"]
[Round "3.10"]
[White "Dziatko, Evgeniya"]
[Black "Garifullina, Leya"]
[Result "0-1"]
[WhiteElo "1709"]
[BlackElo "1906"]
[PlyCount "120"]
[EventDate "2016.08.18"]

1. c4 e5 2. Nc3 Nf6 3. d3 Bb4 4. Bd2 O-O 5. g3 Re8 6. e4 c6 7. Bg2 Bxc3 8. Bxc3
d5 9. cxd5 cxd5 10. Ne2 Nc6 11. O-O d4 12. Bd2 Nd7 13. Rc1 Qe7 14. a3 a5 15.
Qa4 Nb6 16. Qb5 Ra6 17. Qc5 Qe6 18. f4 Qb3 19. Qc2 Qxc2 20. Rxc2 f6 21. f5 Bd7
22. g4 Kf8 23. Ng3 Nc8 24. Nh5 Kf7 25. h4 Nd6 26. Bc1 Ne7 27. Bd2 Bb5 28. Rf3
Nc6 29. b3 Rb6 30. b4 axb4 31. axb4 Ra8 32. g5 Ra1+ 33. Kh2 Ba4 34. g6+ Kg8 35.
gxh7+ Kxh7 36. Rb2 Ra3 37. Rg3 Ne8 38. Bc1 Rc3 39. Bd2 Rc2 40. Rxc2 Bxc2 41.
Rh3 Bd1 42. Ng3 Bg4 43. h5 Bxh3 44. Bxh3 Nxb4 45. h6 Nxd3 46. Bg4 Rb2 47. Nf1
gxh6 48. Bh5 Nd6 49. Bg6+ Kg7 50. Kg1 Nxe4 51. Ba5 b6 52. Bxb6 Rxb6 53. Bh5 Rb1
54. Kg2 Nf4+ 55. Kg1 Nxh5 56. Kg2 Nf4+ 57. Kg1 Ng3 58. Kf2 Nxf1 59. Kf3 Nd2+
60. Kg4 Rg1+ 0-1

[Event "European Youth Chess Championship G12"]
[Site "Prague, Top Hotel Prague"]
[Date "2016.08.20"]
[Round "3.11"]
[White "Anghel, Maria"]
[Black "Toncheva, Nadya"]
[Result "1/2-1/2"]
[WhiteElo "1821"]
[BlackElo "1689"]
[PlyCount "80"]
[EventDate "2016.08.18"]

1. d4 d5 2. Bg5 f6 3. Bf4 c5 4. e3 Nc6 5. Nf3 e6 6. Be2 Bd7 7. c3 Qb6 8. Qd2
Nge7 9. Bd3 c4 10. Be2 Ng6 11. Bg3 Be7 12. h4 h5 13. Qc2 Kf7 14. Nbd2 e5 15.
dxe5 Ngxe5 16. Rd1 Rad8 17. e4 Nd3+ 18. Bxd3 cxd3 19. Qxd3 dxe4 20. Qc4+ Be6
21. Qxe4 Rhe8 22. O-O g6 23. Rfe1 Bxa2 24. Nc4 Bxc4 25. Qxc4+ Kg7 26. Rxd8 Qxd8
27. Qe4 Kf7 28. Qe6+ Kf8 29. Bf4 Kg7 30. Bd6 Qb6 31. Nd4 Ne5 32. Bxe5 fxe5 33.
Qxe5+ Qf6 34. Ne6+ Kf7 35. Ng5+ Kg7 36. Qc7 Kh6 37. Qxb7 Qf4 38. Rxe7 Qc1+ 39.
Kh2 Qf4+ 40. Kg1 Qc1+ 1/2-1/2

[Event "European Youth Chess Championship G12"]
[Site "Prague, Top Hotel Prague"]
[Date "2016.08.20"]
[Round "3.12"]
[White "Mikhailina, Elena"]
[Black "Yakimova, Mariya"]
[Result "1/2-1/2"]
[WhiteElo "1541"]
[BlackElo "1818"]
[PlyCount "117"]
[EventDate "2016.08.18"]

1. e4 c5 2. Nf3 d6 3. d4 cxd4 4. Nxd4 a6 5. c4 Nf6 6. f3 e6 7. Nc3 Be7 8. Be3
O-O 9. Be2 b6 10. O-O Bb7 11. Qd2 Nbd7 12. Rfd1 Rc8 13. Bf1 Qc7 14. Rac1 Qb8
15. Qf2 Bd8 16. b4 Ne5 17. Na4 d5 18. cxd5 exd5 19. exd5 Nxd5 20. Bd2 Bc7 21.
Kh1 Rfe8 22. a3 Nd7 23. Qg1 Bf4 24. Bxf4 Qxf4 25. Ne2 Rxc1 26. Nxc1 N7f6 27.
Nd3 Qf5 28. Nxb6 Nxb6 29. Qxb6 Bxf3 30. Qf2 Be4 31. Qxf5 Bxf5 32. Re1 Bxd3 33.
Rxe8+ Nxe8 34. Bxd3 Nc7 35. Kg1 Kf8 36. Kf2 Ke7 37. Ke3 h6 38. Kd4 Kd6 39. Bc4
f6 40. Ke4 g6 41. Kd4 Nb5+ 42. Ke4 Nxa3 43. Bxa6 Nc2 44. b5 f5+ 45. Kf4 Ne1 46.
g4 fxg4 47. Kxg4 Kc7 48. Kg3 Kb6 49. Bc8 Kxb5 50. Bb7 Kc5 51. Be4 g5 52. Kg4
Kd4 53. Bb1 Ke3 54. Kh5 Kf4 55. h3 Nf3 56. Kxh6 Ng1 57. Ba2 Kf5 58. Be6+ Kf4
59. Bg4 1/2-1/2

[Event "European Youth Chess Championship G12"]
[Site "Prague, Top Hotel Prague"]
[Date "2016.08.20"]
[Round "3.13"]
[White "Wikar, Martyna"]
[Black "Trifoi, Mihaela-Ioana"]
[Result "1/2-1/2"]
[WhiteElo "1803"]
[BlackElo "1595"]
[PlyCount "106"]
[EventDate "2016.08.18"]

1. e4 c6 2. d4 d5 3. exd5 cxd5 4. Bd3 Nf6 5. Nf3 Bg4 6. O-O e6 7. c3 Nc6 8. Bf4
Bd6 9. Bxd6 Qxd6 10. Nbd2 O-O 11. Qe1 Bxf3 12. Nxf3 h6 13. Ne5 Nd7 14. Nxd7
Qxd7 15. f4 Rae8 16. Rf3 a6 17. Qh4 Qe7 18. Qg4 Qf6 19. Raf1 Kh8 20. Qh5 Kg8
21. g4 g5 22. h4 gxh4 23. g5 Qg7 24. Kf2 hxg5 25. Rg1 f6 26. fxg5 f5 27. Qxh4
Ne7 28. Rh1 Ng6 29. Qh5 Re7 30. Bc2 Qh7 31. Rfh3 Qxh5 32. Rxh5 Rff7 33. Rh6 Rg7
34. Kf3 Kf7 35. Bd3 Ke8 36. b3 Nf8 37. Rg1 Rh7 38. Kf4 Nd7 39. Rxh7 Rxh7 40. g6
Rh4+ 41. Kg5 Rh3 42. Be2 Rxc3 43. Rh1 Rg3+ 44. Kh6 Nf6 45. Rc1 Kd7 46. Kg7 Ne8+
47. Kf7 Nd6+ 48. Kg7 Ne8+ 49. Kh6 Nf6 50. Rh1 Ke7 51. Rc1 Kd7 52. Rh1 Ke7 53.
Rc1 Kd7 1/2-1/2

[Event "European Youth Chess Championship G12"]
[Site "Prague, Top Hotel Prague"]
[Date "2016.08.20"]
[Round "3.14"]
[White "Mironenko, Galina"]
[Black "Shehzad, Alisha"]
[Result "1-0"]
[WhiteElo "1769"]
[BlackElo "1528"]
[PlyCount "105"]
[EventDate "2016.08.18"]

1. Nf3 d5 2. g3 Nf6 3. Bg2 c5 4. d4 e6 5. O-O Be7 6. b3 O-O 7. Bb2 Nc6 8. e3 b6
9. Nbd2 Bb7 10. c4 Rc8 11. a3 cxd4 12. Nxd4 h6 13. Rc1 Nxd4 14. exd4 Qd7 15.
Nf3 Rfd8 16. Ne5 Qe8 17. Re1 Ba8 18. Qe2 dxc4 19. bxc4 Bxg2 20. Kxg2 Qa4 21.
Nxf7 Qc6+ 22. d5 Nxd5 23. Nxh6+ Kf8 24. cxd5 Qxd5+ 25. Kg1 Rxc1 26. Bxc1 gxh6
27. Bxh6+ Kf7 28. Qc2 Qf5 29. Qxf5+ exf5 30. Rxe7+ Kxe7 31. Bg5+ Ke8 32. Bxd8
Kxd8 33. Kf1 a5 34. Ke2 Ke7 35. Kd3 b5 36. f4 Ke6 37. Kd4 Kd6 38. h3 Kc6 39. g4
fxg4 40. hxg4 b4 41. axb4 a4 42. Kc4 Kb6 43. g5 Ka6 44. g6 a3 45. Kb3 Kb6 46.
g7 a2 47. Kxa2 Ka6 48. g8=Q Kb6 49. f5 Kc7 50. Qe6 Kb7 51. f6 Ka7 52. f7 Kb7
53. f8=Q 1-0

[Event "European Youth Chess Championship G12"]
[Site "Prague, Top Hotel Prague"]
[Date "2016.08.20"]
[Round "3.15"]
[White "Dgebuadze, Marie"]
[Black "Kirchei, Viktoriia"]
[Result "0-1"]
[WhiteElo "1449"]
[BlackElo "1767"]
[PlyCount "110"]
[EventDate "2016.08.18"]

1. e4 Nf6 2. e5 Nd5 3. d4 d6 4. Nf3 g6 5. Bc4 Nb6 6. Bb3 Bg7 7. Ng5 e6 8. Qf3
Qe7 9. Ne4 d5 10. Ng3 a5 11. a4 c5 12. c3 Nc6 13. Be3 cxd4 14. Bxd4 Nd7 15. Qe3
Ndxe5 16. Bxe5 Nxe5 17. O-O O-O 18. Nd2 Ng4 19. Qe2 Nf6 20. Rad1 Re8 21. Nf3 b6
22. Rfe1 Ba6 23. Qe3 Qc5 24. Qf4 Re7 25. Ne5 Qc7 26. Qe3 Bb7 27. Nf3 e5 28. Qe2
Rae8 29. Qd2 Qd7 30. Qe3 b5 31. axb5 Qxb5 32. Nd2 Qc6 33. f3 a4 34. Ba2 Qc7 35.
Rc1 Qd6 36. c4 d4 37. Qd3 Qc5 38. Nde4 Nxe4 39. Nxe4 Bxe4 40. Rxe4 f5 41. Ree1
e4 42. fxe4 fxe4 43. Qa3 Qxa3 44. bxa3 d3 45. c5+ Kh8 46. Red1 Bh6 47. Rc3 d2
48. Bc4 Bg7 49. Rc2 Bd4+ 50. Kf1 e3 51. Be2 Rf8+ 52. Kg1 Rf2 53. c6 Rxe2 54.
Kf1 Rf2+ 55. Kg1 e2 0-1

[Event "European Youth Chess Championship G12"]
[Site "Prague, Top Hotel Prague"]
[Date "2016.08.20"]
[Round "3.16"]
[White "Zeliantsova, Kseniya"]
[Black "Rahulan, Thivyaa"]
[Result "1-0"]
[WhiteElo "1723"]
[BlackElo "1428"]
[PlyCount "53"]
[EventDate "2016.08.18"]

1. e4 e6 2. d4 d5 3. Nc3 Nf6 4. e5 Nfd7 5. f4 c5 6. Nf3 Nc6 7. Be3 a6 8. Qd2 b5
9. dxc5 Bxc5 10. Bxc5 Nxc5 11. a3 Bb7 12. Bd3 O-O 13. O-O Qb6 14. Kh1 b4 15.
axb4 Qxb4 16. f5 d4 17. f6 h6 18. fxg7 Kxg7 19. Qf4 Nxd3 20. Qf6+ Kh7 21. Ne4
Rg8 22. Qxf7+ Rg7 23. Nf6+ Kh8 24. Qh5 Rh7 25. Nxh7 Kxh7 26. Ng5+ Kh8 27. Qxh6+
1-0

[Event "European Youth Chess Championship G12"]
[Site "Prague, Top Hotel Prague"]
[Date "2016.08.20"]
[Round "3.17"]
[White "Pipiras, Filipa Fortuna"]
[Black "Juhasz, Judit"]
[Result "1-0"]
[WhiteElo "1468"]
[BlackElo "1927"]
[PlyCount "91"]
[EventDate "2016.08.18"]

1. d4 Nf6 2. c4 g6 3. Nc3 Bg7 4. Nf3 O-O 5. Bg5 d6 6. e3 Nbd7 7. Be2 c5 8. d5
Ng4 9. Qd2 h6 10. Bh4 f5 11. O-O g5 12. Bg3 Qe8 13. h3 Ngf6 14. Bd3 Nh5 15. Bh2
Qf7 16. Ne2 Ne5 17. Nxe5 dxe5 18. Ng3 f4 19. Nxh5 Qxh5 20. exf4 gxf4 21. f3 Bf6
22. Qc2 Kg7 23. Be4 Rb8 24. Kh1 Bd7 25. Bg1 b6 26. a4 a5 27. Rad1 Rg8 28. Bh7
Rh8 29. Be4 Rbg8 30. d6 exd6 31. Rxd6 Bxh3 32. Bg6 Bxg2+ 33. Kxg2 Qxg6+ 34.
Qxg6+ Kxg6 35. Rxb6 Kf5+ 36. Kh2 Be7 37. Rb5 Rb8 38. Rd1 Ke6 39. Rd5 h5 40.
Bxc5 Bf6 41. Rd6+ Kf5 42. Bb6 h4 43. Bxa5 Rbg8 44. Bc3 Rh6 45. Bxe5 Bxe5 46.
Rxh6 1-0

[Event "European Youth Chess Championship G12"]
[Site "Prague, Top Hotel Prague"]
[Date "2016.08.20"]
[Round "3.18"]
[White "Sleurs, Juliette"]
[Black "Lehaci, Miruna-Daria"]
[Result "0-1"]
[WhiteElo "1479"]
[BlackElo "1860"]
[PlyCount "64"]
[EventDate "2016.08.18"]

1. Nf3 f5 2. g3 g6 3. Bg2 Bg7 4. d4 Nf6 5. O-O d6 6. b3 O-O 7. Bb2 c6 8. Nbd2
Na6 9. c4 Qe8 10. Re1 h6 11. e4 fxe4 12. Nxe4 Nxe4 13. Rxe4 Bf5 14. Re1 Qf7 15.
Nh4 Rae8 16. Nxf5 gxf5 17. f4 Bf6 18. Qe2 Qg7 19. Rad1 Kh8 20. Ba1 Nc7 21. Kh1
e6 22. Bf3 d5 23. c5 b6 24. Qc2 b5 25. b4 Ra8 26. a4 a5 27. axb5 Nxb5 28. bxa5
Rxa5 29. Rxe6 Rxa1 30. Rxa1 Nxd4 31. Qa4 Nxe6 32. Re1 Qd7 0-1

[Event "European Youth Chess Championship G12"]
[Site "Prague, Top Hotel Prague"]
[Date "2016.08.20"]
[Round "3.19"]
[White "Somton, Anita"]
[Black "Hertlein, Irena"]
[Result "1-0"]
[WhiteElo "1753"]
[BlackElo "1488"]
[PlyCount "69"]
[EventDate "2016.08.18"]

1. d4 Nf6 2. c4 g6 3. Nc3 d5 4. Bg5 Ne4 5. Bf4 Nxc3 6. bxc3 Bg7 7. Nf3 c5 8.
cxd5 Qxd5 9. e3 Nc6 10. Be2 O-O 11. O-O cxd4 12. cxd4 e6 13. Bg3 b6 14. Qc2 Bb7
15. Bc4 Qd7 16. Rac1 Rac8 17. Qe2 h6 18. Rfd1 Qe7 19. h3 Na5 20. Ba6 Qa3 21.
Rxc8 Rxc8 22. Bxb7 Nxb7 23. Ne5 Qa4 24. Kh2 Bf8 25. Nxf7 Rc2 26. Qf3 Rxa2 27.
Ne5 Nd8 28. Nxg6 Bg7 29. Ne7+ Kh8 30. Be5 Bxe5+ 31. dxe5 Qe8 32. Qf6+ Kh7 33.
Rxd8 Qxd8 34. Qf7+ Kh8 35. Ng6# 1-0

[Event "European Youth Chess Championship G12"]
[Site "Prague, Top Hotel Prague"]
[Date "2016.08.20"]
[Round "3.20"]
[White "Villanyi, Alexia"]
[Black "Tamrazyan, Gohar"]
[Result "0-1"]
[WhiteElo "1439"]
[BlackElo "1741"]
[PlyCount "64"]
[EventDate "2016.08.18"]

1. e4 e6 2. d4 d5 3. e5 c5 4. c3 Nc6 5. Nf3 Qb6 6. a3 Bd7 7. Be2 cxd4 8. cxd4
Nge7 9. b4 Nf5 10. Be3 Be7 11. O-O O-O 12. Bd3 f6 13. Nc3 fxe5 14. Bxf5 Rxf5
15. Nxe5 Nxe5 16. dxe5 Qc7 17. Bd4 Raf8 18. Ne2 Bg5 19. Bc5 Rc8 20. Nd4 Rf4 21.
g3 Re4 22. f3 Be3+ 23. Kh1 Rxe5 24. Nb3 Ba4 25. Qd3 Bxb3 26. Bxe3 Bc4 27. Qd2
Bxf1 28. Rxf1 Qc2 29. Qd4 Qe2 30. Rc1 Rxc1+ 31. Bxc1 Qxf3+ 32. Kg1 Re1# 0-1

[Event "European Youth Chess Championship G12"]
[Site "Prague, Top Hotel Prague"]
[Date "2016.08.20"]
[Round "3.21"]
[White "Vorobyova, Ekaterina"]
[Black "Ramaiya, Arushi"]
[Result "1-0"]
[WhiteElo "1686"]
[BlackElo "1468"]
[PlyCount "71"]
[EventDate "2016.08.18"]

1. d4 Nf6 2. Nc3 d5 3. Bg5 e6 4. e4 h6 5. Bxf6 gxf6 6. exd5 exd5 7. Bd3 Nc6 8.
Nge2 Bb4 9. Qd2 Be6 10. O-O-O Qd7 11. Qf4 f5 12. a3 Be7 13. h4 Bd6 14. Qe3
O-O-O 15. Nb5 Bf8 16. Rhe1 a6 17. Nbc3 Bg7 18. Nb1 h5 19. Nd2 Rhg8 20. Nb3 Rde8
21. Kb1 Kb8 22. Ng3 Bf6 23. Nxh5 Bxh4 24. g3 Bg5 25. Qe2 Be7 26. Nf4 Bf6 27.
Nc5 Qd6 28. c3 Nd8 29. Qc2 Rg5 30. Qa4 Nc6 31. Qb3 Na5 32. Qb4 Qb6 33. Qxb6
cxb6 34. Nfxe6 fxe6 35. Nd7+ Kc7 36. Nxf6 1-0

[Event "European Youth Chess Championship G12"]
[Site "Prague, Top Hotel Prague"]
[Date "2016.08.20"]
[Round "3.22"]
[White "Toth, Nikoletta"]
[Black "Qasem, Huda"]
[Result "1-0"]
[WhiteElo "1668"]
[BlackElo "1459"]
[PlyCount "99"]
[EventDate "2016.08.18"]

1. c4 e5 2. g3 Nf6 3. Bg2 d5 4. cxd5 Nxd5 5. Nc3 Be6 6. Nf3 Nc6 7. O-O Bc5 8.
d3 f6 9. Qb3 Rb8 10. Nd2 Nf4 11. Qb5 Nxg2 12. Qxc5 Bh3 13. Rd1 Qd4 14. Qd5 Rd8
15. Qf3 O-O 16. Nb3 Qd7 17. Nc5 Qc8 18. Nb3 f5 19. Rb1 f4 20. g4 Qxg4 21. Qxg4
Bxg4 22. Kxg2 f3+ 23. Kf1 fxe2+ 24. Nxe2 Nb4 25. Bg5 Rxd3 26. Be7 Rxd1+ 27.
Rxd1 Bxe2+ 28. Kxe2 Rf4 29. Bxb4 Rxb4 30. Rd8+ Kf7 31. Rd7+ Kf6 32. Rxc7 Ra4
33. a3 b6 34. f3 Rh4 35. Ke3 Rxh2 36. Nd2 h5 37. Ne4+ Kg6 38. b4 h4 39. Rxa7 h3
40. Nf2 Rg2 41. Nxh3 Ra2 42. Nf2 Rb2 43. Nd3 Rc2 44. Nxe5+ Kf6 45. Nd7+ Ke6 46.
Nxb6 Rc3+ 47. Kf2 Rc2+ 48. Kg3 Kf6 49. a4 Rc6 50. Nd7+ 1-0

[Event "European Youth Chess Championship G12"]
[Site "Prague, Top Hotel Prague"]
[Date "2016.08.20"]
[Round "3.23"]
[White "Murzina, Agata"]
[Black "Maresova, Michaela"]
[Result "1-0"]
[WhiteElo "1651"]
[BlackElo "1430"]
[PlyCount "47"]
[EventDate "2016.08.18"]

1. g3 c5 2. Bg2 Nc6 3. b3 Nf6 4. Bb2 g6 5. e3 Bg7 6. Ne2 O-O 7. O-O d6 8. h3
Be6 9. Nf4 Qd7 10. c4 Rac8 11. Nc3 a6 12. d4 cxd4 13. exd4 Na7 14. d5 Bf5 15.
g4 Bxg4 16. hxg4 Nxg4 17. Bh3 f5 18. Ne6 Rf7 19. Nxg7 Kxg7 20. Na4+ Kg8 21. Nb6
Qc7 22. Nxc8 Qxc8 23. Bxg4 fxg4 24. Qd4 1-0

[Event "European Youth Chess Championship G12"]
[Site "Prague, Top Hotel Prague"]
[Date "2016.08.20"]
[Round "3.24"]
[White "Van Den Brink, Nienke"]
[Black "Urbanc, Tina"]
[Result "0-1"]
[WhiteElo "1612"]
[BlackElo "1419"]
[PlyCount "98"]
[EventDate "2016.08.18"]

1. Nc3 b6 2. f4 Bb7 3. e3 e6 4. Nf3 f5 5. b3 Nf6 6. Bb2 Be7 7. Be2 O-O 8. O-O
c5 9. Ne5 Nc6 10. Bf3 d5 11. Ne2 Qc7 12. Qe1 Rad8 13. Qg3 Nxe5 14. Bxe5 Bd6 15.
Nc3 Bxe5 16. fxe5 Nd7 17. Nb5 Qxe5 18. Qxe5 Nxe5 19. Be2 a5 20. d4 Ng4 21. Bxg4
fxg4 22. Nc7 Rd6 23. Rxf8+ Kxf8 24. Rf1+ Ke7 25. Rf4 h5 26. dxc5 bxc5 27. Ra4
Kd7 28. Nb5 Ra6 29. Rf4 Ke7 30. Nc7 Ra7 31. Nb5 Ra8 32. Nc7 Rc8 33. Nb5 Bc6 34.
Na7 Rc7 35. Nxc6+ Rxc6 36. Ra4 Ra6 37. c3 Kd6 38. b4 cxb4 39. cxb4 Kc6 40. Rxa5
Rxa5 41. bxa5 Kb5 42. Kf2 Kxa5 43. Ke2 Ka4 44. Kd3 e5 45. Kc2 g5 46. Kd2 Ka3
47. Kc3 h4 48. g3 h3 49. e4 d4+ 0-1

[Event "European Youth Chess Championship G12"]
[Site "Prague, Top Hotel Prague"]
[Date "2016.08.20"]
[Round "3.25"]
[White "Marcinczyk, Monika"]
[Black "Simonova, Stela"]
[Result "1-0"]
[WhiteElo "1609"]
[BlackElo "1393"]
[PlyCount "69"]
[EventDate "2016.08.18"]

1. e4 e6 2. e5 d5 3. exd6 Bxd6 4. d4 Nf6 5. Nf3 Nc6 6. Bg5 O-O 7. Bb5 Be7 8.
O-O Bd7 9. c4 a6 10. Ba4 Na5 11. Bxd7 Qxd7 12. Qc2 Nc6 13. Be3 Rad8 14. Nc3
Rfe8 15. Rad1 Bb4 16. Ne4 Nxe4 17. Qxe4 Be7 18. Qg4 Kh8 19. Qh5 Bf6 20. Bg5 Qe7
21. Bxf6 gxf6 22. Rfe1 Rg8 23. Re4 Rg7 24. g3 Kg8 25. Nh4 Qd7 26. Qf3 f5 27.
Ree1 Rg5 28. d5 Ne7 29. dxe6 Qe8 30. exf7+ Kxf7 31. Rxd8 Qxd8 32. Qxb7 Qd6 33.
Qb3 Kf8 34. Qe3 Rg7 35. Nxf5 1-0